Wszystkie Wulkany Świata - Statystyki

Ogólne statystyki
  • Ten quiz został rozwiązany 109 razy
  • Średni wynik to 8 z 54
Statystyki odpowiedzi
Kontynent Wysokość Państwo Wulkan % Poprawnych
Europa 3340 Włochy Etna
91%
Europa 1281 Włochy Wezuwiusz
72%
Azja 3776 Japonia Fudżi
47%
Afryka 5895 Tanzania Kilimandżaro
40%
Europa 926 Włochy Stromboli
38%
Europa 1491 Islandia Hekla
36%
Ameryka Południowa 5896 Ekwador Cotopaxi
28%
Azja 813 Indonezja Krakatau
28%
Oceania 4170 Hawaje / USA Mauna Loa
24%
Azja 4957 Rosja Kluczewska Sopka
22%
Azja 2850 Indonezja Tambora
22%
Afryka 4094 Kamerun Kamerun
21%
Europa 131 Grecja Santoryn
21%
Azja 1600 Filipiny Pinatubo
19%
Ameryka Północna 5452 Meksyk Popocatépetl
19%
Azja (Europa) 5642 Rosja Elbrus
17%
Antarktyda 3794 Wyspa Rossa Erebus
17%
Europa 1363 Islandia Katla
17%
Oceania 4205 Hawaje / USA Mauna Kea
17%
Afryka 4570 Tanzania Meru
14%
Ameryka Północna 5700 Meksyk Orizaba
14%
Azja 5165 Turcja Ararat
12%
Oceania 1250 Hawaje / USA Kīlauea
12%
Ameryka Południowa 6880 Argentyna Ojos del Salado
12%
Ameryka Północna 3000 USA St Hellen
12%
Ameryka Południowa 6739 Argentyna / Chile Llullaillaco
10%
Azja 2463 Filipiny Mayon
10%
Europa 500 Włochy Vulcano
10%
Azja 2965 Filipiny Apo
9%
Europa 1719 Islandia Grímsvötn
9%
Afryka 3718 Wyspy Kanaryjskie / Hiszpania Pico del Teide
9%
Ameryka Północna 4390 USA Rainier
9%
Ameryka Południowa 6450 Argentyna Antofalla
7%
Europa 1510 Islandia Askja
7%
Europa 2277 Norwegia Beerenberg
7%
Europa 2119 Islandia Hvannadalshnúkur
7%
Oceania 2797 Nowa Zelandia Ruapehu
7%
Azja 2540 Japonia Asama
5%
Ameryka Północna 4265 Meksyk Colima
5%
Ameryka Południowa 5992 Chile Láscar
5%
Azja 1807 Papua Nowa Gwinea Manam
5%
Azja 3680 Indonezja Semeru
5%
Ameryka Północna 4270 USA Góra Wrangla
3%
Afryka 2632 Reunion / Francja Piton de la Fournaise
3%
Ameryka Południowa 5325 Ekwador Sangay
3%
Oceania 2521 Hawaje / USA Hualālai
2%
Ameryka Północna 1950 Salwador Izalco
2%
Ameryka Południowa 5323 Chile Maipo
2%
Azja 2890 Indonezja Marapi
2%
Ameryka Południowa 4700 Kolumbia Puracé
2%
Europa 1666 Islandia Eyjafkallajökul
0%
Ameryka Południowa 6060 Chile Guallatira
0%
Ameryka Południowa 5640 Chile Tupungatito
0%
Ameryka Południowa 2840 Chile Villarica
0%
Nie znaleziono quizów pasujących do podanych kryteriów
Rozkład punktacji
Procent ludzi z każdym wynikiem
Percentyl według liczby udzielonych odpowiedzi
Twoja historia wyników
Nie rozwiązałeś tego quizu